| 000 | 00664nam a2200217 i 4500 | ||
|---|---|---|---|
| 001 | bg | ||
| 245 | 7 | 0 |
_aDydaktyka szkoły średniej : _bwybrane problemy nowoczesnej dydaktyki / _cpod red. M.A. Daniłowa i M.N. Skatkina. |
| 260 |
_aWarszawa : _bWydawnictwa Szkolne i Pedagogiczne, _c1979. |
||
| 300 |
_a330, [2] S. ; _c22 cm. |
||
| 650 | 9 |
_aNauczanie _xzagadnienia |
|
| 650 | 9 |
_aSzkolnictwo średnie _xnauczanie |
|
| 700 | 1 |
_aDANIŁOW, M. A. _eRed. |
|
| 700 | 1 |
_aSKATKIN, M. N. _eRed. |
|
| 020 | _a8302000787 | ||
| 040 | _cBPK | ||
| 041 | _apol | ||
| 080 | _a373:371.3 | ||
| 920 | _a83-02-00078-7 | ||
| 942 | _cKS | ||
| 008 | s pl f |000 0 pol | ||
| 999 |
_c6862 _d6862 |
||
| 856 |
_uhttp://koha.tu.koszalin.pl/cgi-bin/koha/opac-detail.pl?biblionumber=6862 _yKatalog online BPK |
||